|
|
|
|
| LEADER |
01506nam a22003257a 4500 |
| 001 |
39544 |
| 003 |
BD-DhAAL |
| 008 |
220905t2017 nvua 000 0 eng d |
| 999 |
|
|
|c 44847
|d 44847
|
| 020 |
|
|
|a 9780997316001
|
| 020 |
|
|
|a 9780997316018 (eISBN)
|
| 040 |
|
|
|a BD-DhAAL
|c BD-DhAAL
|
| 082 |
|
|
|a 004
|2 23
|
| 100 |
|
|
|a Ferreira Filho, Wladston,
|e author.
|9 51247
|
| 245 |
|
|
|a Computer science distilled :
|b learn the art of solving computational problems /
|c Wladston Ferreira Filho.
|
| 250 |
|
|
|a First edition
|
| 260 |
|
|
|a Las Vegas, [Nevada] :
|b Code Energy LLC,
|c 2017.
|
| 300 |
|
|
|a x, 168 pages :
|b illustrations (some color) ;
|c 22 cm.
|
| 526 |
|
|
|a CSE
|
| 541 |
|
|
|a Development Book Agency
|e 39544, 39567
|
| 650 |
|
|
|a Computer algorithms.
|9 51248
|
| 650 |
|
|
|a Computer programming.
|9 51249
|
| 650 |
|
|
|a Computer science.
|9 51250
|
| 650 |
|
|
|a Data structures (Computer science).
|9 51251
|
| 650 |
|
|
|a Programming (Electronic computers).
|9 51252
|
| 650 |
|
|
|a Electronic computer programming.
|9 51253
|
| 852 |
|
|
|a Ayesha Abed Library
|c General Stacks
|
| 942 |
|
|
|2 ddc
|c BK
|
| 952 |
|
|
|0 0
|1 0
|2 ddc
|4 0
|6 004_000000000000000_FER
|7 0
|9 71674
|a BRACUL
|b BRACUL
|c GEN
|d 2022-08-16
|e Development Book Agency
|g 3150.00
|l 8
|m 59
|o 004 FER
|p 3010039544
|q 2026-06-02
|r 2026-04-05
|s 2026-04-05
|t 1
|v 3150.00
|w 2022-08-16
|y BK
|
| 952 |
|
|
|0 0
|1 0
|2 ddc
|4 0
|6 004_000000000000000_FER
|7 0
|9 71728
|a BRACUL
|b BRACUL
|c GEN
|d 2022-08-24
|e Development Book Agency
|g 3150.00
|l 10
|m 57
|o 004 FER
|p 3010039567
|r 2026-01-28
|s 2026-01-14
|t 2
|v 3150.00
|w 2022-08-24
|y BK
|